[Event "Chennai op"]
[Site "Chennai"]
[Date "2013.11.15"]
[Round "1"]
[White "Prakash, GB."]
[Black "Arun Prasad, Subramanian"]
[Result "1/2-1/2"]
[WhiteElo "2266"]
[BlackElo "2529"]
[PlyCount "75"]
[EventDate "2013.11.15"]
[EventType "swiss"]
[EventRounds "11"]
[EventCountry "IND"]
[SourceTitle "CBM 157 Extra"]
[Source "ChessBase"]
[SourceDate "2013.12.19"]
[SourceVersion "1"]
[SourceVersionDate "2013.12.19"]
[SourceQuality "1"]

1. Nf3 Nf6 2. c4 c5 3. g3 b6 4. Bg2 Bb7 5. 0-0 e6 6. Nc3 Be7 7. b3 0-0 8. Bb2 d6 9. d4 cxd4 10. Nxd4 Bxg2 11. Kxg2 a6 12. e3 Ra7 13. f4 Qc8 14. Qf3 Rc7 15. f5 Nc6 16. Nxc6 Rxc6 17. Ne4 Nxe4 18. Qxe4 d5 19. cxd5 exd5 20. Qxe7 Rc2+ 21. Kg1 Rxb2 22. Rac1 Rc2 23. Rxc2 Qxc2 24. f6 Qe4 25. Rc1 gxf6 26. Qxe4 dxe4 27. Rc6 Rd8 28. Rxb6 Rd1+ 29. Kg2 Rd2+ 30. Kf1 Rxa2 31. Rxf6 Ra3 32. Rb6 Ra1+ 33. Kg2 Ra2+ 34. Kh3 Kg7 35. Kg4 Rxh2 36. Rxa6 Rb2 37. Kf4 Rxb3 38. Kxe4 1/2-1/2

[Event "IND-chB 51st"]
[Site "Bhopal"]
[Date "2013.10.15"]
[Round "4"]
[White "Swapnil, S Dhopade"]
[Black "Prakash, GB."]
[Result "1/2-1/2"]
[WhiteElo "2471"]
[BlackElo "2255"]
[PlyCount "93"]
[EventDate "2013.10.12"]
[EventType "swiss"]
[EventRounds "13"]
[EventCountry "IND"]
[SourceTitle "EXT 2014"]
[Source "ChessBase"]
[SourceDate "2013.11.20"]
[SourceVersion "1"]
[SourceVersionDate "2013.11.20"]
[SourceQuality "1"]

1. d4 e6 2. Nf3 Nf6 3. c4 Bb4+ 4. Bd2 Bxd2+ 5. Qxd2 d5 6. g3 0-0 7. Bg2 Qe7 8. 0-0 Rd8 9. Qc2 b6 10. Rc1 c6 11. Nbd2 Bb7 12. c5 Nbd7 13. b4 a5 14. a3 axb4 15. axb4 Qf8 16. cxb6 Qxb4 17. Rab1 Qa4 18. Nb3 Ra6 19. Nc5 Qxc2 20. Rxc2 Nxc5 21. dxc5 Nd7 22. e4 Rda8 23. exd5 Ra1 24. Rbc1 exd5 25. Bh3 Nf6 26. Nd4 g6 27. Nb5 Ne4 28. Na7 Rxc1+ 29. Rxc1 f5 30. Bg2 Kf7 31. f3 Nd2 32. Kf2 Re8 33. Rc2 Nb3 34. Bf1 Nd4 35. Ra2 Nb3 36. Rc2 Nd4 37. Rc3 g5 38. Ra3 g4 39. fxg4 fxg4 40. Ba6 Bxa6 41. Rxa6 Re2+ 42. Kf1 Rb2 43. Nc8 Nb3 44. Ra7+ Kf6 45. Rc7 Nxc5 46. Rxc6+ Ne6 47. Ke1 1/2-1/2

[Event "IND-chT 33rd"]
[Site "Hyderabad"]
[Date "2013.02.24"]
[Round "6.5"]
[White "Navin, Kanna TU"]
[Black "Prakash, GB."]
[Result "1-0"]
[WhiteElo "2362"]
[BlackElo "2267"]
[PlyCount "41"]
[EventDate "2013.02.20"]
[EventType "team-swiss"]
[EventRounds "9"]
[EventCountry "IND"]
[SourceTitle "CBM 153 Extra"]
[Source "ChessBase"]
[SourceDate "2013.04.22"]
[SourceVersion "1"]
[SourceVersionDate "2013.04.22"]
[SourceQuality "1"]
[WhiteTeam "Tamil Nadu"]
[BlackTeam "Indian Bank"]
[WhiteTeamCountry "IND"]
[BlackTeamCountry "IND"]

1. d4 e6 2. c4 f5 3. g3 Nf6 4. Bg2 Be7 5. Nf3 0-0 6. 0-0 Ne4 7. Nc3 Bf6 8. Qc2 d5 9. e3 c6 10. Ne2 g5 11. Ne1 g4 12. Nf4 b5 13. cxb5 cxb5 14. Ned3 a5 15. Bd2 Qe7 16. b4 a4 17. Nc5 Na6 18. Rfc1 Qf7 19. Be1 Nd6 20. Ncxe6 Bxe6 21. Qc6 1-0

[Event "Commonwealth-ch"]
[Site "Chennai"]
[Date "2012.11.30"]
[Round "10"]
[White "Arun Prasad, Subramanian"]
[Black "Prakash, GB."]
[Result "1-0"]
[WhiteElo "2513"]
[BlackElo "2270"]
[PlyCount "43"]
[EventDate "2012.11.23"]
[EventType "swiss"]
[EventRounds "11"]
[EventCountry "IND"]
[SourceTitle "CBM 151 Extra"]
[Source "ChessBase"]
[SourceDate "2012.12.18"]
[SourceVersion "1"]
[SourceVersionDate "2012.12.18"]
[SourceQuality "1"]

1. d4 e6 2. c4 f5 3. g3 Nf6 4. Bg2 Be7 5. Nf3 0-0 6. 0-0 d6 7. Nc3 a5 8. b3 Ne4 9. Bb2 Nxc3 10. Bxc3 Qe8 11. Re1 Nd7 12. e4 f4 13. e5 d5 14. cxd5 exd5 15. Bd2 g5 16. h4 gxh4 17. Nxh4 Nb6 18. e6 Kh8 19. Qg4 h5 20. Qg6 Bxh4 21. Qh6+ Kg8 22. gxh4 1-0

[Event "Commonwealth-ch"]
[Site "Chennai"]
[Date "2012.11.25"]
[Round "4"]
[White "Nolte, Rolando"]
[Black "Prakash, GB."]
[Result "1-0"]
[WhiteElo "2445"]
[BlackElo "2270"]
[PlyCount "41"]
[EventDate "2012.11.23"]
[EventType "swiss"]
[EventRounds "11"]
[EventCountry "IND"]
[SourceTitle "CBM 151 Extra"]
[Source "ChessBase"]
[SourceDate "2012.12.18"]
[SourceVersion "1"]
[SourceVersionDate "2012.12.18"]
[SourceQuality "1"]

1. Nf3 f5 2. g3 Nf6 3. Bg2 d6 4. d4 e6 5. c4 Be7 6. 0-0 0-0 7. Nc3 a5 8. Re1 Ne4 9. Qc2 Nc6 10. Nxe4 Nb4 11. Qb1 fxe4 12. Qxe4 e5 13. g4 c6 14. d5 cxd5 15. cxd5 Bd7 16. a3 Na6 17. Be3 a4 18. Rac1 b6 19. Nxe5 dxe5 20. d6 Bh4 21. g5 1-0

[Event "Commonwealth-ch"]
[Site "Chennai"]
[Date "2012.11.25"]
[Round "5"]
[White "Prakash, GB."]
[Black "Ram, Aravind LN"]
[Result "0-1"]
[WhiteElo "2270"]
[BlackElo "1919"]
[PlyCount "88"]
[EventDate "2012.11.23"]
[EventType "swiss"]
[EventRounds "11"]
[EventCountry "IND"]
[SourceTitle "CBM 151 Extra"]
[Source "ChessBase"]
[SourceDate "2012.12.18"]
[SourceVersion "1"]
[SourceVersionDate "2012.12.18"]
[SourceQuality "1"]

1. c4 c5 2. g3 Nf6 3. Bg2 d6 4. Nf3 Nc6 5. Nc3 g6 6. 0-0 Bg7 7. d4 cxd4 8. Nxd4 Nxd4 9. Qxd4 0-0 10. Qd3 a6 11. Rd1 Qc7 12. Bg5 Bf5 13. e4 Be6 14. b3 h6 15. Bd2 Ng4 16. Rac1 Qb6 17. Be1 Ne5 18. Qf1 h5 19. Nd5 Bxd5 20. Rxd5 Nc6 21. Rdd1 a5 22. Kh1 a4 23. b4 Bb2 24. c5 dxc5 25. bxc5 Qc7 26. Rb1 a3 27. f4 Nd4 28. Bf2 Rfd8 29. e5 Qxc5 30. Bxb7 Rab8 31. Bg2 Qc2 32. Bxd4 Bxd4 33. Rxb8 Rxb8 34. Qf3 Rb1 35. Rxb1 Qxb1+ 36. Bf1 Qxa2 37. f5 Qb1 38. fxg6 fxg6 39. Kg2 Qc2+ 40. Kh3 a2 41. Qd5+ Kg7 42. Qxd4 Qc1 43. e6+ Kh7 44. Bd3 a1Q 0-1

[Event "Visakhapatnam op"]
[Site "Visakhapatnam"]
[Date "2011.11.27"]
[Round "6"]
[White "Prakash, GB."]
[Black "Lalith, Babu MR"]
[Result "0-1"]
[WhiteElo "2341"]
[BlackElo "2484"]
[PlyCount "80"]
[EventDate "2011.11.24"]
[EventType "swiss"]
[EventRounds "11"]
[EventCountry "IND"]
[SourceTitle "CBM 145 Extra"]
[Source "ChessBase"]
[SourceDate "2012.01.03"]
[SourceVersion "1"]
[SourceVersionDate "2012.01.03"]
[SourceQuality "1"]

1. Nf3 d5 2. g3 c6 3. Bg2 Bg4 4. 0-0 Nd7 5. d3 Ngf6 6. h3 Bh5 7. c4 e6 8. cxd5 cxd5 9. Nc3 Bd6 10. e4 Bxf3 11. Bxf3 d4 12. Nb5 Bc5 13. a4 0-0 14. Bd2 a6 15. Na3 Ne5 16. Be2 Nc6 17. Kg2 Rc8 18. f4 Bb4 19. Bc1 Nd7 20. g4 Nc5 21. Nc4 Na5 22. Nxa5 Bxa5 23. f5 exf5 24. Rxf5 Ne6 25. g5 Rc6 26. Bd2 Bxd2 27. Qxd2 g6 28. Rf6 h6 29. h4 hxg5 30. hxg5 Rc5 31. Kf1 Rxg5 32. Rf2 Qd6 33. Bd1 Qg3 34. Bb3 Qh3+ 35. Ke2 Qh5+ 36. Kf1 Qh1+ 37. Ke2 Qxa1 38. Bxe6 Rg3 39. Rxf7 Rg2+ 40. Rf2+ Kg7 0-1

[Event "Mumbai Mayors Cup 4th"]
[Site "Mumbai"]
[Date "2011.09.22"]
[Round "9"]
[White "Prakash, GB."]
[Black "Roy Chowdhury, Saptarshi"]
[Result "1/2-1/2"]
[WhiteElo "2332"]
[BlackElo "2427"]
[PlyCount "36"]
[EventDate "2011.09.16"]
[EventType "swiss"]
[EventRounds "11"]
[EventCountry "IND"]
[SourceTitle "CBM 144 Extra"]
[Source "ChessBase"]
[SourceDate "2011.10.28"]
[SourceVersion "1"]
[SourceVersionDate "2011.10.28"]
[SourceQuality "1"]

1. c4 e5 2. g3 Nc6 3. Bg2 Nf6 4. Nc3 Bb4 5. Nd5 Bc5 6. e3 0-0 7. Ne2 d6 8. 0-0 Nxd5 9. cxd5 Ne7 10. d3 Bb6 11. b4 c6 12. Nc3 cxd5 13. Nxd5 Be6 14. Nxb6 Qxb6 15. a4 Rfd8 16. b5 Rac8 17. Bd2 Qc7 18. Qe2 Qd7 1/2-1/2

[Event "Mumbai Mayors Cup 4th"]
[Site "Mumbai"]
[Date "2011.09.18"]
[Round "4"]
[White "Shyam, Sundar M"]
[Black "Prakash, GB."]
[Result "1/2-1/2"]
[WhiteElo "2457"]
[BlackElo "2332"]
[PlyCount "88"]
[EventDate "2011.09.16"]
[EventType "swiss"]
[EventRounds "11"]
[EventCountry "IND"]
[SourceTitle "CBM 144 Extra"]
[Source "ChessBase"]
[SourceDate "2011.10.28"]
[SourceVersion "1"]
[SourceVersionDate "2011.10.28"]
[SourceQuality "1"]

1. e4 c5 2. Nf3 e6 3. d4 cxd4 4. Nxd4 a6 5. Bd3 Bc5 6. Nb3 Be7 7. f4 d6 8. Qf3 Nc6 9. Nc3 Qc7 10. Be3 b5 11. g4 Nf6 12. g5 Nd7 13. h4 Bb7 14. h5 Nc5 15. 0-0 g6 16. a3 h6 17. hxg6 fxg6 18. Nxc5 dxc5 19. Qh3 Nd4 20. gxh6 Qc6 21. Rae1 0-0-0 22. Nd5 Rxd5 23. exd5 Qxd5 24. Bxd4 Qxd4+ 25. Rf2 Bd5 26. Rxe6 Bxe6 27. Qxe6+ Kd8 28. Qb6+ Kd7 29. Qb7+ Kd8 30. Qb6+ Kd7 31. Qxg6 c4 32. Qg7 Qxg7+ 33. hxg7 Rg8 34. Bf5+ Kc7 35. Rg2 Bf6 36. c3 Rxg7 37. Bg6 a5 38. Kf1 Kb6 39. Ke1 b4 40. axb4 axb4 41. cxb4 Kb5 42. Kd1 Kxb4 43. Kc2 Kc5 44. Kc1 Re7 1/2-1/2

[Event "Bhubaneswar op 3rd"]
[Site "Bhubaneswar"]
[Date "2011.05.31"]
[Round "5"]
[White "Prakash, GB."]
[Black "Kiran, Manisha Mohanty"]
[Result "1/2-1/2"]
[WhiteElo "2350"]
[BlackElo "2214"]
[PlyCount "50"]
[EventDate "2011.05.28"]
[EventType "swiss"]
[EventRounds "11"]
[EventCountry "IND"]
[SourceTitle "CBM 142 Extra"]
[Source "ChessBase"]
[SourceDate "2011.06.27"]
[SourceVersion "1"]
[SourceVersionDate "2011.06.27"]
[SourceQuality "1"]

1. b3 e5 2. Bb2 d6 3. c4 Nf6 4. g3 g6 5. Bg2 Bg7 6. e3 0-0 7. Ne2 Nc6 8. Nbc3 Be6 9. d4 exd4 10. Nxd4 Nxd4 11. Qxd4 c6 12. 0-0 d5 13. Na4 dxc4 14. Nc5 Qxd4 15. Bxd4 cxb3 16. axb3 Bc8 17. b4 Nd7 18. Nb3 Bxd4 19. Nxd4 Nf6 20. b5 cxb5 21. Nxb5 a6 22. Nc7 Ra7 23. Nb5 Ra8 24. Nc7 Ra7 25. Nb5 Ra8 1/2-1/2

[Event "Bhubaneswar op 3rd"]
[Site "Bhubaneswar"]
[Date "2011.05.29"]
[Round "3"]
[White "Prakash, GB."]
[Black "Gupta, Abhijeet"]
[Result "0-1"]
[WhiteElo "2350"]
[BlackElo "2604"]
[PlyCount "78"]
[EventDate "2011.05.28"]
[EventType "swiss"]
[EventRounds "11"]
[EventCountry "IND"]
[SourceTitle "CBM 142 Extra"]
[Source "ChessBase"]
[SourceDate "2011.06.27"]
[SourceVersion "1"]
[SourceVersionDate "2011.06.27"]
[SourceQuality "1"]

1. b3 d5 2. Bb2 Nf6 3. e3 g6 4. c4 c6 5. Nf3 Bg7 6. Be2 0-0 7. 0-0 b6 8. d3 Bb7 9. Nbd2 c5 10. Qc2 Nc6 11. a3 Rc8 12. Ne5 Nxe5 13. Bxe5 Qd7 14. Qb2 Rfd8 15. b4 d4 16. exd4 cxd4 17. Bf3 Nh5 18. Bxg7 Bxf3 19. Nxf3 Kxg7 20. g3 f6 21. Nd2 e5 22. Rfc1 Qg4 23. f3 Qg5 24. Kh1 Qh6 25. Nf1 Kh8 26. Rc2 Ng7 27. c5 Nf5 28. cxb6 axb6 29. Rac1 Qf8 30. Rc6 b5 31. Qa2 Rxc6 32. Rxc6 Qe7 33. Nd2 Qd7 34. Rc5 Ne3 35. Ne4 Qh3 36. Rc1 Rc8 37. Rxc8+ Qxc8 38. h4 Qh3+ 39. Kg1 f5 0-1

[Event "IND-chT 31st"]
[Site "Cochin"]
[Date "2011.02.28"]
[Round "9"]
[White "Prakash, GB."]
[Black "Rathnakaran, Kantholi"]
[Result "1/2-1/2"]
[WhiteElo "2346"]
[BlackElo "2381"]
[PlyCount "51"]
[EventDate "2011.02.22"]
[EventType "team-swiss"]
[EventRounds "9"]
[EventCountry "IND"]
[SourceTitle "CBM 141 Extra"]
[Source "ChessBase"]
[SourceDate "2011.05.03"]
[SourceVersion "1"]
[SourceVersionDate "2011.05.03"]
[SourceQuality "1"]
[WhiteTeam "Indian Bank"]
[BlackTeam "Indian Railways II"]
[WhiteTeamCountry "IND"]
[BlackTeamCountry "IND"]

1. Nf3 Nf6 2. g3 g6 3. Bg2 Bg7 4. 0-0 0-0 5. d3 d6 6. e4 e5 7. Be3 c5 8. h3 Nc6 9. c3 h6 10. Nbd2 Kh7 11. a3 b6 12. Qc2 Qc7 13. Rfe1 Bb7 14. Rac1 Rac8 15. Qb1 Rfd8 16. a4 d5 17. exd5 Nxd5 18. Nc4 a6 19. Nh2 f5 20. h4 Nf6 21. Nf1 a5 22. Rcd1 Ba6 23. Bc1 Bxc4 24. dxc4 Rxd1 25. Rxd1 Rd8 26. Rxd8 1/2-1/2

[Event "IND-chT 31st"]
[Site "Cochin"]
[Date "2011.02.26"]
[Round "7"]
[White "Prakash, GB."]
[Black "Arun Prasad, Subramanian"]
[Result "0-1"]
[WhiteElo "2346"]
[BlackElo "2513"]
[PlyCount "92"]
[EventDate "2011.02.22"]
[EventType "team-swiss"]
[EventRounds "9"]
[EventCountry "IND"]
[SourceTitle "CBM 141 Extra"]
[Source "ChessBase"]
[SourceDate "2011.05.03"]
[SourceVersion "1"]
[SourceVersionDate "2011.05.03"]
[SourceQuality "1"]
[WhiteTeam "Indian Bank"]
[BlackTeam "PSPB"]
[WhiteTeamCountry "IND"]
[BlackTeamCountry "IND"]

1. d4 Nf6 2. c4 e6 3. Nf3 d5 4. e3 a6 5. b3 c5 6. Bb2 Nc6 7. Nbd2 Be7 8. Be2 0-0 9. 0-0 cxd4 10. exd4 b6 11. Rc1 Bb7 12. a3 dxc4 13. bxc4 Rc8 14. Qc2 Qc7 15. Qb1 Rfd8 16. Rfd1 Nb8 17. d5 Nbd7 18. dxe6 fxe6 19. Ng5 Nf8 20. Nde4 Nxe4 21. Nxe4 Qf4 22. Rxd8 Rxd8 23. Bf3 Bxe4 24. Qxe4 Qxe4 25. Bxe4 Rd2 26. Bc3 Ra2 27. Bb4 Bc5 28. Bb1 Rb2 29. Bxc5 bxc5 30. Kf1 Kf7 31. Be4 Nd7 32. Rb1 Rxb1+ 33. Bxb1 Ne5 34. Ba2 g5 35. Ke2 Kf6 36. f3 h6 37. g4 Ng6 38. Ke3 Ke5 39. Bb1 Nf4 40. Be4 a5 41. Bc6 h5 42. gxh5 Nxh5 43. Bb7 Ng7 44. Be4 Nf5+ 45. Kd3 Kf4 46. Bc6 Nd4 0-1

[Event "IND-chT 31st"]
[Site "Cochin"]
[Date "2011.02.23"]
[Round "3"]
[White "Prakash, GB."]
[Black "Gokhale, Chandrashekhar"]
[Result "1-0"]
[WhiteElo "2346"]
[BlackElo "2289"]
[PlyCount "67"]
[EventDate "2011.02.22"]
[EventType "team-swiss"]
[EventRounds "9"]
[EventCountry "IND"]
[SourceTitle "CBM 141 Extra"]
[Source "ChessBase"]
[SourceDate "2011.05.03"]
[SourceVersion "1"]
[SourceVersionDate "2011.05.03"]
[SourceQuality "1"]
[WhiteTeam "Indian Bank"]
[BlackTeam "AIR India"]
[WhiteTeamCountry "IND"]
[BlackTeamCountry "IND"]

1. d4 Nf6 2. Nf3 e6 3. e3 b6 4. b3 Bb7 5. Bb2 Be7 6. Nbd2 c5 7. c4 0-0 8. Bd3 d6 9. 0-0 Nbd7 10. Qe2 Qc7 11. Rad1 Rfe8 12. e4 cxd4 13. Nxd4 g6 14. Nb5 Qc6 15. f4 e5 16. f5 Nc5 17. Nc3 gxf5 18. Rxf5 Bc8 19. Bc2 Ne6 20. Nd5 Nxd5 21. exd5 Qc5+ 22. Kh1 Ng7 23. g4 Bxf5 24. gxf5 f6 25. Ne4 Qc7 26. Qg4 Kf7 27. Bc1 Rg8 28. Bh6 Qd7 29. Rg1 Nxf5 30. Qh5+ Rg6 31. Nc5 bxc5 32. Bxf5 Qxf5 33. Qxf5 Rxh6 34. Qe6+ 1-0

[Event "Chennai op 3rd"]
[Site "Chennai"]
[Date "2011.01.21"]
[Round "6"]
[White "Kravtsiv, Martyn"]
[Black "Prakash, GB."]
[Result "1-0"]
[WhiteElo "2566"]
[BlackElo "2346"]
[PlyCount "75"]
[EventDate "2011.01.18"]
[EventType "swiss"]
[EventRounds "11"]
[EventCountry "IND"]
[SourceTitle "CBM 140 Extra"]
[Source "ChessBase"]
[SourceDate "2011.03.01"]
[SourceVersion "1"]
[SourceVersionDate "2011.03.01"]
[SourceQuality "1"]

1. e4 c5 2. Nf3 e6 3. d4 cxd4 4. Nxd4 a6 5. Nc3 Qc7 6. Bd3 Nf6 7. 0-0 Bc5 8. Nb3 Be7 9. f4 d6 10. Qf3 b5 11. Bd2 Bb7 12. Rae1 Nbd7 13. Kh1 b4 14. Nd1 d5 15. e5 Ne4 16. Nf2 Nxd2 17. Nxd2 g6 18. Nb3 h5 19. Nh3 Qb6 20. Qe2 a5 21. Bb5 a4 22. Nc1 Ra5 23. Bxd7+ Kxd7 24. Nd3 Rc8 25. f5 gxf5 26. Qxh5 Rxc2 27. Qxf7 Ba6 28. Nhf4 Bxd3 29. Nxd3 b3 30. axb3 axb3 31. h3 Ra4 32. Ra1 Rxa1 33. Rxa1 Qe3 34. Kh2 Rd2 35. Ra8 Rxg2+ 36. Kxg2 Qe4+ 37. Kg1 Qe3+ 38. Nf2 1-0

[Event "Chennai op 2nd"]
[Site "Chennai"]
[Date "2010.02.02"]
[Round "10"]
[White "Ramakrishna, J."]
[Black "Prakash, GB."]
[Result "0-1"]
[WhiteElo "2242"]
[BlackElo "2389"]
[PlyCount "66"]
[EventDate "2010.01.25"]
[EventType "swiss"]
[EventRounds "11"]
[EventCountry "IND"]
[SourceTitle "CBM 134 Extra"]
[Source "ChessBase"]
[SourceDate "2010.03.03"]
[SourceVersion "1"]
[SourceVersionDate "2010.03.03"]
[SourceQuality "1"]

1. e4 c5 2. Nf3 e6 3. d4 cxd4 4. Nxd4 a6 5. Bd3 Bc5 6. Nb3 Be7 7. 0-0 d6 8. Nc3 Nf6 9. f4 Nbd7 10. Qe2 Qc7 11. Bd2 b5 12. Rae1 Bb7 13. e5 Nd5 14. f5 Nxe5 15. fxe6 fxe6 16. Qh5+ Kd7 17. Qh3 Qb6+ 18. Kh1 Raf8 19. Ne4 Rxf1+ 20. Rxf1 Rf8 21. Rxf8 Bxf8 22. Qxh7 Ne3 23. Ba5 Qa7 24. Bc3 Nf5 25. Nec5+ dxc5 26. Bxf5 Qb8 27. Be4 Qd6 28. Qh5 Bxe4 29. Bxe5 Qd5 30. h3 g6 31. Qh7+ Ke8 32. Bf4 Qd1+ 33. Kh2 Qf1 0-1

[Event "Mumbai Mayors Cup 2nd"]
[Site "Mumbai"]
[Date "2009.05.08"]
[Round "9"]
[White "Prakash, GB."]
[Black "Bitan, Banerjee"]
[Result "1-0"]
[WhiteElo "2404"]
[BlackElo "2301"]
[PlyCount "71"]
[EventDate "2009.05.01"]
[EventType "swiss"]
[EventRounds "11"]
[EventCountry "IND"]
[SourceTitle "CBM 130 Extra"]
[Source "ChessBase"]
[SourceDate "2009.07.02"]
[SourceVersion "2"]
[SourceVersionDate "2009.07.15"]
[SourceQuality "1"]

1. d4 Nf6 2. c4 g6 3. Nc3 Bg7 4. e4 d6 5. h3 0-0 6. Be3 e5 7. d5 Na6 8. Nf3 Nh5 9. Nd2 Qe8 10. g3 f5 11. exf5 gxf5 12. Be2 Nf6 13. a3 Bd7 14. Qc2 c6 15. Bg5 Nc7 16. g4 Qg6 17. Bxf6 Qxf6 18. gxf5 Bxf5 19. Nde4 Qh4 20. 0-0-0 Bxe4 21. Nxe4 cxd5 22. cxd5 Rac8 23. Bg4 Qe7 24. Bxc8 Rxc8 25. Kb1 Rf8 26. Rhg1 Kh8 27. Rg4 Bh6 28. Rdg1 Nb5 29. R1g3 Nd4 30. Qd1 Nf5 31. Rf3 Bf4 32. Rc3 Nd4 33. Rg1 b5 34. Qg4 Nf5 35. Rc6 a5 36. Nxd6 1-0

[Event "Mumbai Mayors Cup 2nd"]
[Site "Mumbai"]
[Date "2009.05.06"]
[Round "7"]
[White "Prakash, GB."]
[Black "Fominyh, Alexander"]
[Result "0-1"]
[WhiteElo "2404"]
[BlackElo "2485"]
[PlyCount "30"]
[EventDate "2009.05.01"]
[EventType "swiss"]
[EventRounds "11"]
[EventCountry "IND"]
[SourceTitle "CBM 130 Extra"]
[Source "ChessBase"]
[SourceDate "2009.07.02"]
[SourceVersion "2"]
[SourceVersionDate "2009.07.15"]
[SourceQuality "1"]

1. d4 d5 2. c4 dxc4 3. Nf3 Nf6 4. e3 Bg4 5. Bxc4 e6 6. Nc3 Nbd7 7. 0-0 c6 8. e4 Be7 9. e5 Nd5 10. Ne4 Bh5 11. Bd3 Bg6 12. Qe2 Rc8 13. a3 0-0 14. Bg5 Bxg5 15. Nexg5 Nf4 0-1

[Event "Mumbai Mayors Cup 2nd"]
[Site "Mumbai"]
[Date "2009.05.03"]
[Round "4"]
[White "Gagare, Shardul"]
[Black "Prakash, GB."]
[Result "1/2-1/2"]
[WhiteElo "2173"]
[BlackElo "2404"]
[PlyCount "76"]
[EventDate "2009.05.01"]
[EventType "swiss"]
[EventRounds "11"]
[EventCountry "IND"]
[SourceTitle "CBM 130 Extra"]
[Source "ChessBase"]
[SourceDate "2009.07.02"]
[SourceVersion "2"]
[SourceVersionDate "2009.07.15"]
[SourceQuality "1"]

1. c4 e5 2. Nc3 Nc6 3. Nf3 g6 4. g3 Bg7 5. Bg2 f5 6. d3 Nf6 7. Bg5 h6 8. Bxf6 Bxf6 9. Rb1 0-0 10. Nd5 Bg7 11. 0-0 a5 12. a3 d6 13. b4 axb4 14. axb4 Ne7 15. Nd2 Kh8 16. b5 g5 17. Qc2 Ng6 18. c5 e4 19. dxe4 f4 20. e3 Bg4 21. e5 Nxe5 22. exf4 gxf4 23. Nxf4 dxc5 24. Be4 Qd7 25. Nc4 Rxf4 26. gxf4 Nf3+ 27. Kh1 Nd4 28. Qd2 Rg8 29. Ne5 Bxe5 30. fxe5 Bf3+ 31. Bxf3 Qh3 32. Qf4 Nxf3 33. Rg1 Nxg1 34. Qf6+ Kh7 35. Rxg1 Rxg1+ 36. Kxg1 Qg4+ 37. Kf1 Qd1+ 38. Kg2 Qg4+ 1/2-1/2

[Event "New Delhi Parsvnath op 7th"]
[Site "New Delhi"]
[Date "2009.01.14"]
[Round "5"]
[White "Prakash, GB."]
[Black "Mohammad, Javed"]
[Result "1-0"]
[WhiteElo "2397"]
[BlackElo "2188"]
[PlyCount "52"]
[EventDate "2009.01.11"]
[EventType "swiss"]
[EventRounds "10"]
[EventCountry "IND"]
[SourceTitle "CBM 128 Extra"]
[Source "ChessBase"]
[SourceDate "2009.03.05"]
[SourceVersion "2"]
[SourceVersionDate "2009.03.25"]
[SourceQuality "1"]

1. d4 d5 2. c4 c6 3. e3 Nf6 4. Nc3 e6 5. Nf3 Nbd7 6. Qc2 Bd6 7. b3 0-0 8. Be2 dxc4 9. bxc4 e5 10. 0-0 Qe7 11. Rd1 a6 12. a4 Re8 13. h3 h6 14. a5 exd4 15. exd4 Nf8 16. Bd3 Ne6 17. Re1 Qc7 18. Ne4 Nxe4 19. Rxe4 Bd7 20. Bd2 Nf4 21. c5 Rxe4 22. cxd6 Qxd6 23. Bxe4 Ne2+ 24. Kh1 Nxd4 25. Nxd4 Qxd4 26. Bc3 Qc5 1-0

[Event "Chennai State-ch 56th"]
[Site "Chennai"]
[Date "2008.06.19"]
[Round "6"]
[White "Prakash, GB."]
[Black "Arun, Karthik R"]
[Result "1-0"]
[WhiteElo "2373"]
[BlackElo "2281"]
[PlyCount "75"]
[EventDate "2008.06.16"]
[EventType "swiss"]
[EventRounds "10"]
[EventCountry "IND"]
[SourceTitle "CBM 125 Extra"]
[Source "ChessBase"]
[SourceDate "2008.09.01"]
[SourceVersion "1"]
[SourceVersionDate "2008.09.01"]
[SourceQuality "1"]

1. d4 Nf6 2. c4 e6 3. Nf3 b6 4. g3 Ba6 5. Qc2 c5 6. d5 exd5 7. cxd5 Bb7 8. Bg2 Bxd5 9. Nc3 Bc6 10. e4 Be7 11. Bf4 0-0 12. 0-0-0 b5 13. e5 Nh5 14. Nd5 Bxd5 15. Rxd5 Nxf4 16. gxf4 Na6 17. Qd2 Qb6 18. Rxd7 Rad8 19. f5 Nb8 20. Rd5 Rxd5 21. Qxd5 Rd8 22. Qe4 c4 23. f6 gxf6 24. Bh3 Qxf2 25. Rf1 Qb6 26. e6 Nc6 27. exf7+ Kh8 28. Bf5 Qc5 29. Rg1 Ne5 30. Bxh7 Nxf7 31. Bg8 Qh5 32. Bxf7 Qxf7 33. Nh4 Bc5 34. Ng6+ Kg7 35. Rg2 Rd4 36. Ne5+ Kf8 37. Qa8+ Qe8 38. Rg8+ 1-0

[Event "Chennai State-ch 56th"]
[Site "Chennai"]
[Date "2008.06.17"]
[Round "2"]
[White "Prakash, GB."]
[Black "Stanley, Samson P"]
[Result "1/2-1/2"]
[WhiteElo "2373"]
[BlackElo "2030"]
[PlyCount "130"]
[EventDate "2008.06.16"]
[EventType "swiss"]
[EventRounds "10"]
[EventCountry "IND"]
[SourceTitle "CBM 125 Extra"]
[Source "ChessBase"]
[SourceDate "2008.09.01"]
[SourceVersion "1"]
[SourceVersionDate "2008.09.01"]
[SourceQuality "1"]

1. d4 Nf6 2. c4 e5 3. e3 exd4 4. exd4 d5 5. Nf3 Be7 6. Nc3 0-0 7. Bd3 Bg4 8. 0-0 dxc4 9. Bxc4 Nc6 10. Be3 Nb4 11. h3 Bh5 12. g4 Bg6 13. Ne5 Nbd5 14. Qb3 Nb6 15. Be2 Nfd5 16. Bf3 c6 17. Bg2 Rb8 18. Rac1 Nxe3 19. fxe3 Bg5 20. Ne4 Nd5 21. Nxg5 Qxg5 22. Rce1 Qd8 23. Rd1 Qg5 24. Rde1 Qd8 25. Nxg6 hxg6 26. e4 Nf6 27. Rd1 Qe7 28. e5 Nd7 29. Rf2 Qe6 30. Qxe6 fxe6 31. g5 Rbd8 32. Rdd2 Nb6 33. Be4 Rxf2 34. Rxf2 Rxd4 35. Bxg6 Nd7 36. Bf7+ Kh7 37. Bxe6 Nxe5 38. Bf5+ g6 39. Bc2 Rd7 40. Kg2 Nc4 41. Bb3 Ne3+ 42. Kh2 Rd2 43. Rxd2 Nf1+ 44. Kg2 Nxd2 45. Be6 Ne4 46. h4 Nc5 47. Bc8 b6 48. b3 Nd3 49. Bb7 Nc1 50. Bxc6 Nxa2 51. Kf3 a5 52. Ke4 Nc1 53. Bd5 b5 54. Kd4 a4 55. b4 a3 56. Kc3 a2 57. Kb2 Nd3+ 58. Ka1 Nxb4 59. Bf3 Kg7 60. Be2 Kf7 61. Bxb5 Ke6 62. Be8 Kf5 63. h5 gxh5 64. Bxh5 Kxg5 65. Bf7 Nc2+ 1/2-1/2